| 000 | 03400njm a2200481Ia 4500 | ||
|---|---|---|---|
| 001 | 23816 | ||
| 003 | IT-RoPAU | ||
| 005 | 20220918181121.0 | ||
| 008 | 131025s9999 xx 000 0 und d | ||
| 040 | _aIT-RoPAU | ||
| 040 | _cIT-RoPAU | ||
| 041 | _aITALIANO | ||
| 999 |
_c99839 _d99839 |
||
| 999 | _bn.d. | ||
| 100 |
_aAA.VV. _9794 |
||
| 100 |
_eAutore musica _96205 |
||
| 100 |
_gCodice autore musica SPICS: 12000 _9796 |
||
| 245 | _aCalda estate (Lp Rb3) | ||
| 250 | _a1a ed. | ||
| 260 | _aMILANO | ||
| 260 |
_bCBS - SUGAR _c1976 [1a Ed.:1976] |
||
| 300 | _aDISCO | ||
| 500 | _aUna raccolta dei più significativi successi emersi dalla competizione canora "Un disco per l'estate" del 1976 interpretati dagli stessi artisti che vi parteciparono; musiche e canzoni che hanno accompagnato e caratterizzato momenti lieti delle nostre vacanze estive. Canzone italiana. Amore, estate, vita, pietà, desideri | ||
| 505 | _aLuglio (Del Turco Riccardo) - Lady Barbara (Renato) - Lisa dagli occhi blu (Tessuto Mario) - Il volto della vita (Caselli Caterina) - Io per lei (I Camaleonti) - Perché ti amo (I Camaleonti) - Quanto è bella lei (Nazzaro Gianni) - Il primo sogno proibito (Nazzaro Gianni) - Pietà per chi ti ama (Ranieri Massimo) - Rose rosse (Ranieri Massimo) - Azzurro (Celentano Adriano) - La rosa nera (Cinquetti Gigliola) | ||
| 650 |
_aCANZONE ITALIAN [DISCHI] _eCodice MATERIA SPICS: 9950 _96206 |
||
| 700 |
_aBigazzi Giancarlo _dCodice autore musica SPICS: 13839 _eAutore musica _pLuglio - Lady Barbara - Lisa dagli occhi blu - Perché ti amo - Rose rosse _96207 |
||
| 700 |
_aDel Turco Riccardo _dCodice autore testo/musica SPICS: 10861 _eAutore testo/musica _pLuglio _96208 |
||
| 700 |
_aSavio G. _dCodice autore testo/musica SPICS: 14082 _eAutore testo/musica _pLady Barbara - Lisa dagli occhi blu - Perché ti amo _96209 |
||
| 700 |
_aMcWilliams _dCodice autore musica SPICS: 25261 _eAutore musica _pIl volto della vita _96210 |
||
| 700 |
_aDaiano Fontana Claudio _dCodice autore SPICS: 14335 _eAutore _pIl volto della vita _96211 |
||
| 700 |
_aMogol (Rapetti Giulio) _dCodice autore testo/musica SPICS: 13643 _eAutore testo/musica _pIl volto della vita _96212 |
||
| 700 |
_aGandos Bob _dCodice autore musica SPICS: 25263 _eAutore musica _pIo per lei _96213 |
||
| 700 |
_aCrew Bob _dCodice autore SPICS: 25262 _eAutore _pIo per lei _96214 |
||
| 700 |
_aPace Daniele _dCodice autore testo/musica SPICS: 13856 _eAutore testo/musica _pIo per lei - Quanto è bella lei - La rosa nera _96215 |
||
| 700 |
_aPilat _dCodice autore musica SPICS: 14084 _eAutore musica _pQuanto è bella lei - La rosa nera _96216 |
||
| 700 |
_aPanzeri Mario _dCodice autore SPICS: 13372 _eAutore _pQuanto è bella lei - La rosa nera _96217 |
||
| 700 |
_aMattone Ugo (Pirro Ugo) _dCodice autore musica SPICS: 13129 _eAutore musica _pIl primo sogno proibito _96218 |
||
| 700 |
_aMigliacci Franco _dCodice autore testo/musica SPICS: 13653 _eAutore testo/musica _pIl primo sogno proibito _96219 |
||
| 700 |
_aPolito _dCodice autore musica SPICS: 13987 _eAutore musica _pPietà per chi ti ama - Rose rosse _96220 |
||
| 700 |
_aGuardabassi G. _dCodice autore testo/musica SPICS: 14376 _eAutore testo/musica _pPietà per chi ti ama _96221 |
||
| 700 |
_aPallavicini Vito _dCodice autore musica SPICS: 13656 _eAutore musica _pAzzurro _96222 |
||
| 700 |
_aConte Paolo _dCodice autore testo/musica SPICS: 7844 _eAutore testo/musica _pAzzurro _96223 |
||
| 942 |
_cMD _2ddc |
||